Historia Fontana de la astronomía y la cosmología
Збережено в:
| Автор: | |
|---|---|
| Формат: | Книга |
| Мова: | Іспанська |
| Опубліковано: |
Ciudad de México
Fondo de Cultura Económica
2001
|
| Редагування: | 1a. ed |
| Предмети: | |
| Теги: |
Додати тег
Немає тегів, Будьте першим, хто поставить тег для цього запису!
|
MARC
| LEADER | 00000cam a2200000 a 4500 | ||
|---|---|---|---|
| 001 | UCF1807 | ||
| 003 | CL-VaPUC | ||
| 008 | 120727e20010000MX |||||||||||||||||spa|d | ||
| 020 | |a 968166342X | ||
| 082 | 0 | 4 | |a 520.9 |b NOR |2 21 |
| 100 | |a North, John D. |e autor |9 563297 | ||
| 245 | 1 | 0 | |a Historia Fontana de la astronomía y la cosmología |
| 250 | |a 1a. ed | ||
| 300 | |a 532 p | ||
| 942 | |c BK | ||
| 945 | |d 20120727 00:00:00 |a dcastane | ||
| 260 | |a Ciudad de México |b Fondo de Cultura Económica |c 2001 | ||
| 650 | 0 | |a Astronomía |9 260985 | |
| 650 | 0 | |a Historia |9 255047 | |
| 650 | 0 | |a Filosofía de las ciencias |9 256466 | |
| 583 | |a last modification |c 20120727 13:37:00 |k Rodrigo Vera | ||
| 999 | |c 348495 |d 348493 | ||
| 952 | |0 0 |1 0 |4 0 |6 520_900000000000000_NOR_2001 |7 0 |8 A |9 450533 |a BIBING |b BIBING |d 2019-11-22 |i 4873920 |o 520.9 NOR 2001 |p 4873920 |r 2023-03-02 |w 2019-11-22 |y BK |k CUI | ||